Wspólczesne problemy agrobiznesu w Polsce

Gespeichert in:
Bibliographische Detailangaben
Weitere Verfasser: Czyzewski, Andrzej
Format: Buch
Sprache:Polnisch
Englisch
Veröffentlicht: Poznan Wydawnictwo Akademii Ekonomicznej w Poznaniu 2001
Schriftenreihe:Zeszyty naukowe 13
Schlagworte:
Tags: Tag hinzufügen
Keine Tags, Fügen Sie das erste Tag hinzu!

MARC

LEADER 00000nam a2200000 4500
001 c131180
005 20221124105452.0
020 |a 83-88222-91-0 
022 |a 1641-2168 
041 0 |a pol 
041 0 |a eng 
044 |a PL 
245 1 0 |a Wspólczesne problemy agrobiznesu w Polsce  |c Redaktor naukowy: Andrzej Czyzewski 
264 1 |a Poznan  |b Wydawnictwo Akademii Ekonomicznej w Poznaniu  |c 2001 
300 |a 161 s. 
490 1 |a Zeszyty naukowe  |v 13 
830 0 |a Zeszyty naukowe  |v 13 
610 2 0 |a obchod 
610 2 0 |a poľnohospodárstvo 
610 2 0 |a potraviny 
610 2 0 |a makroekonomika 
610 2 0 |a úver 
610 2 0 |a príjmy 
610 2 0 |a intervencionizmus štátny 
610 2 0 |a trh 
610 2 0 |a vidiek 
610 2 0 |a priemysel 
610 2 0 |a produkcia 
610 2 0 |a zásoby 
610 2 0 |a Poľsko 
700 1 |a Czyzewski, Andrzej